| 000 | 00439nam a2200157 i 4500 | ||
|---|---|---|---|
| 001 | 101535 | ||
| 003 | ES-MaACL | ||
| 005 | 20230906182928.0 | ||
| 007 | t| | ||
| 008 | 051020s1924 ag ||||1| spa d | ||
| 100 | 1 |
_aMedina Onrubia, Salvadora. _979747 |
|
| 245 | 1 | 0 |
_aAkáasha _b: novela / _cSalvadora Medina Onrubia. |
| 260 |
_aBuenos Aires : _bM. Gleizer, _c1924. |
||
| 300 |
_a150 p. ; _c17 cm. |
||
| 852 |
_aES-MaACL _jF-2739 _bR.4490 |
||
| 999 |
_c101535 _d101535 |
||